000 00908nas a2200277 4500
001 BR2017003394
003 BR-BrBNA
005 20231205131201.0
007 ta
008 230509b bl.|||p| |||| 00| 00por d
040 _aBR-BrBNA
_bpor
_cBiblioteca Nacional de Agricultura
041 _a(En)
072 _aP33
100 1 _aAlmeida, J.A. de
100 1 _aCorrêa, J.
100 1 _aSchmitt, C.
245 1 _aClay mineralogy of basaltic hillsides soils in the western state of Santa Catarina
650 _aANÁLISE DO SOLO
650 _aPROPRIEDADE FÍSICO-QUÍMICA
650 _aMINERALOGIA
650 _aARGILA
773 0 _tRevista Brasileira de Ciência do Solo (Brazil)
_xISSN 1806-9657
_g(2018), v. 42 p. 1-17
_wBR2017003394
856 4 0 _uhttp://www.scielo.br/pdf/rbcs/v42/0100-0683-rbcs-18069657rbcs20170086.pdf
909 _a202311
_bLúcia
_c55
_dLúcia Elande
942 _2AGRIS
_n0
_cANA
999 _c253447
_d253447